[Event "4NCL Online Division 4"]
[Site "online"]
[Date "2021.10.05"]
[EventDate "2021.10.05"]
[Round "4.12"]
[White "Collett, Ray A"]
[WhiteElo "1874"]
[WhiteTeam "Wolfpack 1"]
[Black "Herman, Thomas"]
[BlackElo "1832"]
[BlackTeam "Eagle and Child"]
[Result "1-0"]
[PlyCount "111"]

1. e4 Nc6 2. Nc3 e5 3. Nf3 Nf6 4. Bb5 Bb4 5. Qe2 O-O 6. O-O d6 7. h3 a6 8. Ba4 Ne7 9. Kh2 Ng6 10. g3 c6 11. d3 Re8 12. Bd2 Bc5 13. Bb3 d5 14. exd5 cxd5 15. Rae1 b5 16. a3 Bb7 17. a4 b4 18. Nd1 e4 19. Ng1 Qd7 20. Bg5 Qf5 21. Bxf6 Qxf6 22. c3 Bc6 23. d4 Bd6 24. Ne3 Qg5 25. Qg4 Qxg4 26. hxg4 Ne7 27. Nh3 bxc3 28. bxc3 Rab8 29. Rb1 g6 30. Nf4 Bxf4 31. gxf4 Kg7 32. Kg3 Rb7 33. Bc2 Reb8 34. a5 f6 35. Rxb7 Rxb7 36. Rb1 Rxb1 37. Bxb1 f5 38. gxf5 gxf5 39. Ba2 Kf6 40. Bb3 Ke6 41. Kg2 Ng6 42. Kg3 h5 43. Ng2 Bb5 44. Ne3 h4+ 45. Kh3 Nxf4+ 46. Kxh4 Ng6+ 47. Kg5 Ne7 48. Ba2 Bc4 49. Nxc4 Nc6 50. Nb6 Ne7 51. c4 dxc4 52. Bxc4+ Kd6 53. Bxa6 Nc6 54. Nc4+ Kc7 55. d5 Nb8 56. Bb5 1-0

[Event "4NCL Online Division 4"]
[Site "online"]
[Date "2021.10.05"]
[EventDate "2021.10.05"]
[Round "4.14"]
[White "Gliddon, Daniel J"]
[WhiteElo "1664"]
[WhiteTeam "Wolfpack 1"]
[Black "Weber, Simon"]
[BlackElo "1685"]
[BlackTeam "Eagle and Child"]
[Result "0-1"]
[PlyCount "64"]

1. e4 c6 2. d4 d5 3. Nc3 dxe4 4. Nxe4 Nf6 5. Nc3 Bg4 6. Be2 Bxe2 7. Ngxe2 e6 8. O-O Be7 9. Bf4 O-O 10. Qd2 Nd5 11. Nxd5 cxd5 12. Rad1 Nd7 13. Ng3 a6 14. Nh5 Nf6 15. Nxf6+ Bxf6 16. Rfe1 b5 17. Be5 Rc8 18. c3 Qe7 19. Qf4 Rc4 20. Bd6 Qd7 21. Bxf8 Kxf8 22. Re3 b4 23. Rh3 h6 24. Qb8+ Ke7 25. cxb4 Bxd4 26. Rhd3 Bxb2 27. Rb3 Bd4 28. Kf1 e5 29. Rg3 Rc8 30. Rxd4 Rxb8 31. Rdg4 g6 32. Re3 Qxg4 0-1

[Event "4NCL Online Division 4"]
[Site "online"]
[Date "2021.10.05"]
[EventDate "2021.10.05"]
[Round "4.21"]
[White "Amos, Michael"]
[WhiteElo "1877"]
[WhiteTeam "Farnham B"]
[Black "Heard, Tom"]
[BlackElo "1517"]
[BlackTeam "Kent KJCA Kestrels 5"]
[Result "0-1"]
[PlyCount "104"]

1. e4 e5 2. Nf3 Nc6 3. Bc4 Nf6 4. d3 Bc5 5. O-O d6 6. Be3 Bb6 7. Nc3 Bg4 8. Nd5 Nxd5 9. Bxd5 Nd4 10. Bxd4 Bxd4 11. c3 Bb6 12. d4 c6 13. Bb3 Qe7 14. Qd3 O-O 15. Nd2 Kh8 16. Kh1 f5 17. f3 fxe4 18. Qxe4 Bf5 19. Qe2 Rae8 20. Rae1 Qh4 21. Qe3 h6 22. g4 Bg6 23. Qg1 exd4 24. cxd4 Rxe1 25. Rxe1 Bxd4 26. Qf1 Bxb2 27. Qe2 Re8 28. Qxe8+ Bxe8 29. Rxe8+ Kh7 30. Bc2+ g6 31. Kg2 Be5 32. h3 Qg3+ 33. Kf1 Qxh3+ 34. Kf2 Qh2+ 35. Ke1 Bc3 36. Re7+ Kg8 37. Bxg6 Qh4+ 38. Kd1 Qxe7 39. Ne4 Qg7 40. Bf7+ Kxf7 41. Nf6 Qxf6 42. f4 Qxf4 43. Kc2 Qf2+ 44. Kb3 a5 45. Kc4 Qxa2+ 46. Kd3 Qg2 47. Ke3 Qxg4 48. Kd3 Qd4+ 49. Kc2 Bb4 50. Kb1 Qd2 51. Ka1 Bc3+ 52. Kb1 Qb2# 0-1

[Event "4NCL Online Division 4"]
[Site "online"]
[Date "2021.10.05"]
[EventDate "2021.10.05"]
[Round "4.22"]
[White "Langley, Anthony M"]
[WhiteElo "1462"]
[WhiteTeam "Kent KJCA Kestrels 5"]
[Black "Young, Jonathan G"]
[BlackElo "1521"]
[BlackTeam "Farnham B"]
[Result "1/2-1/2"]
[PlyCount "97"]

1. Nf3 Nf6 2. c4 g6 3. Nc3 Bg7 4. d4 d6 5. e4 Nbd7 6. Be2 O-O 7. Bf4 c5 8. d5 a6 9. h3 Qa5 10. Bd2 Qc7 11. Bd3 Ne8 12. Nh2 Ne5 13. Qc2 Nf6 14. f4 Nxd3+ 15. Qxd3 Nd7 16. g4 Re8 17. O-O-O Nf8 18. Rhg1 e6 19. f5 exf5 20. gxf5 Kh8 21. fxg6 fxg6 22. Ng4 Bxg4 23. Rxg4 Nd7 24. Qg3 Ne5 25. Rh4 Qf7 26. b3 Qf3 27. Qxf3 Nxf3 28. Rf4 Nxd2 29. Kxd2 Bh6 30. Ne2 Bxf4+ 31. Nxf4 Rxe4 32. Ne6 b5 33. Kd3 Rh4 34. Rh1 bxc4+ 35. bxc4 Rb8 36. Kc3 Re4 37. Ng5 Re3+ 38. Kd2 Rg3 39. Nf7+ Kg7 40. Nxd6 Rb2+ 41. Kc1 Rxa2 42. Kb1 Rgg2 43. Ne4 Rgb2+ 44. Kc1 Rc2+ 45. Kb1 Rab2+ 46. Ka1 Ra2+ 47. Kb1 Rab2+ 48. Ka1 Ra2+ 49. Kb1 1/2-1/2

[Event "4NCL Online Division 4"]
[Site "online"]
[Date "2021.10.05"]
[EventDate "2021.10.05"]
[Round "4.23"]
[White "Bourke, Matt"]
[WhiteElo "1558"]
[WhiteTeam "Farnham B"]
[Black "Wang, Luoke"]
[BlackElo "1497"]
[BlackTeam "Kent KJCA Kestrels 5"]
[Result "0-1"]
[PlyCount "64"]

1. e4 c5 2. Nf3 d6 3. Bb5+ Bd7 4. Bxd7+ Qxd7 5. c4 Nc6 6. Nc3 g6 7. d4 cxd4 8. Nxd4 Bg7 9. Be3 Nf6 10. f3 O-O 11. O-O Rfc8 12. b3 e6 13. Qd2 d5 14. cxd5 exd5 15. Nxc6 bxc6 16. e5 Ne8 17. f4 f6 18. Qf2 Nc7 19. Bd4 f5 20. Bxa7 Ne6 21. Bc5 d4 22. Na4 Rxa4 23. bxa4 Nxc5 24. Rfd1 Ne6 25. g3 c5 26. Qc2 c4 27. Rab1 d3 28. Qc3 Nd4 29. Kg2 Qd5+ 30. Kh3 Ne2 31. Qb2 Nxf4+ 32. Kh4 Qd8# 0-1

[Event "4NCL Online Division 4"]
[Site "online"]
[Date "2021.10.05"]
[EventDate "2021.10.05"]
[Round "4.24"]
[White "Manikandan, Gaurav"]
[WhiteElo "1338"]
[WhiteTeam "Kent KJCA Kestrels 5"]
[Black "Amos, Alice"]
[BlackElo "1432"]
[BlackTeam "Farnham B"]
[Result "1-0"]
[PlyCount "77"]

1. e4 c6 2. d4 d5 3. Nc3 e6 4. exd5 exd5 5. Nf3 Bg4 6. Be2 Nf6 7. Be3 Bb4 8. a3 Bxc3+ 9. bxc3 O-O 10. O-O Ne4 11. Bd2 Nd7 12. h3 Bxf3 13. Bxf3 Nxd2 14. Qxd2 Nf6 15. Rfe1 Re8 16. Rad1 Rxe1+ 17. Rxe1 Qd6 18. a4 h6 19. Qd3 Re8 20. Rxe8+ Nxe8 21. c4 Nf6 22. c5 Qc7 23. c4 a6 24. cxd5 Nxd5 25. Qb3 b5 26. axb5 axb5 27. Bxd5 cxd5 28. Qxb5 Kf8 29. c6 Ke7 30. Qxd5 f6 31. Qc5+ Ke6 32. d5+ Ke5 33. d6+ Ke6 34. dxc7 Kf7 35. c8=Q Kg6 36. Qe8+ Kh7 37. Qf5+ g6 38. Qf7+ Kh8 39. Q5xf6# 1-0

[Event "4NCL Online Division 4"]
[Site "online"]
[Date "2021.10.05"]
[EventDate "2021.10.05"]
[Round "4.31"]
[White "Kriman, Salim"]
[WhiteElo "2025"]
[WhiteTeam "Hackney Hackers"]
[Black "Correa, Edward"]
[BlackElo "1279"]
[BlackTeam "Manchester Juniors C"]
[Result "1-0"]
[PlyCount "139"]

1. d4 Nf6 2. c4 g6 3. Nc3 Bg7 4. e4 d6 5. Bg5 O-O 6. Qd2 Nc6 7. f3 e5 8. d5 Ne7 9. h4 h5 10. O-O-O a5 11. Be2 c6 12. dxc6 Nxc6 13. Qxd6 Qxd6 14. Rxd6 Be6 15. Nh3 Nd4 16. b3 Ne8 17. Rb6 Nf6 18. Rxb7 Bc8 19. Rc7 Ne8 20. Rxc8 Rxc8 21. Be7 Nxe2+ 22. Nxe2 Rc7 23. Bxf8 Bxf8 24. Kb2 Rd7 25. Kc2 Bb4 26. Rd1 Bd6 27. Nhg1 Kf8 28. Nc3 Ke7 29. Nb5 Bb4 30. Rxd7+ Kxd7 31. Ne2 Nd6 32. Nxd6 Kxd6 33. Nc3 f5 34. a3 Bc5 35. Nb5+ Kc6 36. Kc3 fxe4 37. fxe4 Bf2 38. b4 axb4+ 39. axb4 Bxh4 40. Na3 Be7 41. c5 h4 42. Nc4 Bf6 43. Nd6 g5 44. Kc4 g4 45. b5+ Kc7 46. Kd5 h3 47. gxh3 gxh3 48. b6+ Kb8 49. c6 Bd8 50. c7+ Bxc7 51. bxc7+ Kxc7 52. Nf5 h2 53. Ng3 Kd7 54. Kxe5 Ke7 55. Kf5 Kf7 56. Kg4 Ke6 57. Kh3 h1=Q+ 58. Nxh1 Ke5 59. Ng3 Kf4 60. Kg2 Ke5 61. Kf2 Kf4 62. Kg2 Ke5 63. Kf3 Kf6 64. Kf4 Ke6 65. e5 Kf7 66. Kf5 Ke7 67. e6 Kf8 68. Kf6 Ke8 69. e7 Kd7 70. Kf7 1-0

[Event "4NCL Online Division 4"]
[Site "online"]
[Date "2021.10.05"]
[EventDate "2021.10.05"]
[Round "4.32"]
[White "Burke, Alexander"]
[WhiteElo "1249"]
[WhiteTeam "Manchester Juniors C"]
[Black "Figueroa, Edison"]
[BlackElo "1791"]
[BlackTeam "Hackney Hackers"]
[Result "0-1"]
[PlyCount "74"]

1. e4 c5 2. Nf3 e6 3. c4 d6 4. Nc3 Nc6 5. b3 Nf6 6. Bb2 e5 7. Be2 Be7 8. O-O O-O 9. d3 h6 10. Nd5 Nxd5 11. cxd5 Nb8 12. Rc1 f5 13. a3 a5 14. Qe1 f4 15. b4 axb4 16. axb4 b6 17. Qc3 Na6 18. Ba3 Nc7 19. Bb2 Bg4 20. Qd2 Qd7 21. Nxe5 dxe5 22. Bxg4 Qxg4 23. h3 Qg5 24. f3 Nb5 25. bxc5 Bxc5+ 26. Rxc5 bxc5 27. Qf2 Nd4 28. Bxd4 cxd4 29. Qc2 Rfc8 30. Qb3 Kh7 31. d6 Rd8 32. Qd5 Ra6 33. d7 Ra7 34. Qc5 Rdxd7 35. Qb6 Rdb7 36. Qc5 Ra2 37. Qd5 Qxg2# 0-1

[Event "4NCL Online Division 4"]
[Site "online"]
[Date "2021.10.05"]
[EventDate "2021.10.05"]
[Round "4.33"]
[White "Conway, Paul Bernard"]
[WhiteElo "1833"]
[WhiteTeam "Hackney Hackers"]
[Black "Eccleston, Rowan"]
[BlackElo "1233"]
[BlackTeam "Manchester Juniors C"]
[Result "1-0"]
[PlyCount "33"]

1. e4 e5 2. Nf3 Nc6 3. Bb5 a6 4. Ba4 Nf6 5. O-O Nxe4 6. d4 b5 7. Bb3 Bd6 8. dxe5 Nxe5 9. Nxe5 Bxe5 10. Qd5 Qe7 11. Re1 f5 12. Qxa8 Bxh2+ 13. Kf1 Kd8 14. Nd2 Re8 15. Nxe4 fxe4 16. Qd5 c5 17. Bg5 1-0

[Event "4NCL Online Division 4"]
[Site "online"]
[Date "2021.10.05"]
[EventDate "2021.10.05"]
[Round "4.34"]
[White "Fung, Marcus"]
[WhiteElo "1091"]
[WhiteTeam "Manchester Juniors C"]
[Black "Friel, Jamie"]
[BlackElo "1712"]
[BlackTeam "Hackney Hackers"]
[Result "0-1"]
[PlyCount "48"]

1. d4 Nf6 2. Bf4 e6 3. e3 c5 4. c3 Nc6 5. Bd3 g6 6. Ne2 cxd4 7. exd4 Bg7 8. Nd2 O-O 9. Qc2 b6 10. f3 Nd5 11. g4 Nxf4 12. Nxf4 Qh4+ 13. Ke2 Bb7 14. Ng2 Qd8 15. Nb3 Rc8 16. a3 a5 17. Kd2 a4 18. Nc1 Qg5+ 19. Ne3 Bh6 20. Re1 Nxd4 21. Qxa4 Nxf3+ 22. Kd1 Nxe1 23. Ke2 Qxe3+ 24. Kf1 Bg2# 0-1

[Event "4NCL Online Division 4"]
[Site "online"]
[Date "2021.10.05"]
[EventDate "2021.10.05"]
[Round "4.41"]
[White "Rahul Babu"]
[WhiteElo "1756"]
[WhiteTeam "Uxbridge Bulldogs"]
[Black "Robins, Andrew"]
[BlackElo "1772"]
[BlackTeam "Ashfield Anonymous D"]
[Result "1-0"]
[PlyCount "36"]

1. e4 e5 2. Nf3 Nc6 3. Bb5 Bb4 4. O-O Nge7 5. c3 Ba5 6. a4 a6 7. d4 exd4 8. cxd4 Bb6 9. Bc4 O-O 10. d5 Na5 11. Ba2 Ng6 12. Bg5 Qe8 13. Bd2 Qxe4 14. b4 Nc4 15. Nc3 Qe7 16. Bxc4 Qxb4 17. Qe2 d6 18. Rfb1 Nf4 1-0

[Event "4NCL Online Division 4"]
[Site "online"]
[Date "2021.10.05"]
[EventDate "2021.10.05"]
[Round "4.42"]
[White "Taylor, Robert P"]
[WhiteElo "1671"]
[WhiteTeam "Ashfield Anonymous D"]
[Black "Lord, Peter R"]
[BlackElo "1684"]
[BlackTeam "Uxbridge Bulldogs"]
[Result "0-1"]
[PlyCount "60"]

1. d4 c5 2. d5 Nf6 3. Nc3 g6 4. e4 d6 5. Nf3 Bg4 6. Be2 Bxf3 7. Bxf3 Bg7 8. O-O Nbd7 9. Be2 a6 10. a4 O-O 11. f4 Rc8 12. Qe1 e6 13. Qg3 exd5 14. exd5 Re8 15. Bf3 c4 16. Bd2 b5 17. axb5 axb5 18. Nxb5 Qb6+ 19. Kh1 Qxb5 20. f5 Ra8 21. Rad1 Ra6 22. fxg6 hxg6 23. Bc3 Ne4 24. Qf4 Nxc3 25. bxc3 Ne5 26. Be2 Qb2 27. Bxc4 Ra4 28. Rd4 Qxc3 29. Re4 Rxc4 30. Rxc4 Qxc4 0-1

[Event "4NCL Online Division 4"]
[Site "online"]
[Date "2021.10.05"]
[EventDate "2021.10.05"]
[Round "4.44"]
[White "Hardman, Daniel"]
[WhiteElo "1541"]
[WhiteTeam "Ashfield Anonymous D"]
[Black "Price, Michael C"]
[BlackElo "1644"]
[BlackTeam "Uxbridge Bulldogs"]
[Result "1-0"]
[PlyCount "87"]

1. e4 c5 2. Nc3 Nc6 3. Bb5 d6 4. Bxc6+ bxc6 5. d3 g6 6. f4 Bg7 7. Nf3 e6 8. O-O Ne7 9. h3 O-O 10. Qe1 d5 11. e5 a5 12. Na4 Rb8 13. Nxc5 d4 14. Qf2 Nf5 15. b3 Qd5 16. Ne4 Ba6 17. g4 Ne3 18. Bxe3 dxe3 19. Qxe3 f5 20. gxf5 Rxf5 21. Nd6 Rh5 22. Nd2 Rf8 23. N2c4 a4 24. b4 c5 25. Qxc5 Bxc4 26. Qxc4 Qa8 27. Qxe6+ Kh8 28. Kh2 Bh6 29. Nf7+ Kg7 30. Nxh6 Kxh6 31. c4 Qd8 32. Qd5 Qh4 33. Qf3 Rhf5 34. Qg3 Qh5 35. Rae1 g5 36. fxg5+ Rxg5 37. Qe3 Kg7 38. Rxf8 Kxf8 39. Rf1+ Ke7 40. Qc5+ Kd7 41. Qd6+ Kc8 42. Rf8+ Kb7 43. Rb8+ Ka7 44. Qb6# 1-0

[Event "4NCL Online Division 4"]
[Site "online"]
[Date "2021.10.05"]
[EventDate "2021.10.05"]
[Round "4.51"]
[White "MacLeod, Alasdair"]
[WhiteElo "1821"]
[WhiteTeam "Deaf England 1"]
[Black "Healey, Grant"]
[BlackElo "1778"]
[BlackTeam "Camborne Pendarves"]
[Result "0-1"]
[PlyCount "66"]

1. e4 d5 2. exd5 Nf6 3. d4 Bg4 4. Bb5+ Nbd7 5. Be2 Bxe2 6. Qxe2 Nxd5 7. c4 N5f6 8. Nf3 g6 9. O-O Bg7 10. Nc3 O-O 11. h3 c6 12. Be3 e6 13. Rfd1 Qe7 14. Rd2 Rad8 15. Rad1 Nb6 16. a3 h6 17. Ne5 Kh7 18. g4 Ne8 19. f4 f6 20. Nf3 Nc7 21. Kg2 g5 22. Ne4 f5 23. gxf5 exf5 24. Nc5 g4 25. Ne5 Bxe5 26. dxe5 gxh3+ 27. Kxh3 Rxd2 28. Rxd2 Rg8 29. b3 Rg4 30. Bf2 Qf7 31. Bg3 Qg6 32. Rd3 Qh5+ 33. Kg2 Rxg3+ 0-1

[Event "4NCL Online Division 4"]
[Site "online"]
[Date "2021.10.05"]
[EventDate "2021.10.05"]
[Round "4.52"]
[White "Rodrigo, Y Jan"]
[WhiteElo "1714"]
[WhiteTeam "Camborne Pendarves"]
[Black "Freund, Michael P"]
[BlackElo "1692"]
[BlackTeam "Deaf England 1"]
[Result "1/2-1/2"]
[PlyCount "82"]

1. d4 e6 2. Bf4 d5 3. Nc3 c6 4. e3 Nf6 5. Bd3 Bd6 6. Qf3 O-O 7. g4 Qc7 8. g5 Nfd7 9. Qh3 g6 10. Bxd6 Qxd6 11. f4 e5 12. fxe5 Nxe5 13. dxe5 Bxh3 14. exd6 Bg2 15. Kf2 Bxh1 16. Nge2 Be4 17. Bxe4 dxe4 18. Nxe4 Nd7 19. c4 Rae8 20. N2c3 f5 21. Nf6+ Nxf6 22. gxf6 Rxf6 23. c5 Kf7 24. b4 Ke6 25. a4 Kd7 26. a5 Rfe6 27. Re1 g5 28. b5 Re5 29. bxc6+ bxc6 30. Na4 Rb8 31. Rg1 h6 32. h4 g4 33. h5 Rb5 34. Kg3 Rbxc5 35. Nxc5+ Rxc5 36. a6 Kxd6 37. Rd1+ Rd5 38. Rb1 Rb5 39. Rd1+ Rd5 40. Rb1 Rb5 41. Rd1+ Rd5 1/2-1/2

[Event "4NCL Online Division 4"]
[Site "online"]
[Date "2021.10.05"]
[EventDate "2021.10.05"]
[Round "4.53"]
[White "Hunter, Gary"]
[WhiteElo "1465"]
[WhiteTeam "Deaf England 1"]
[Black "Robinson, Neil"]
[BlackElo "1711"]
[BlackTeam "Camborne Pendarves"]
[Result "0-1"]
[PlyCount "158"]

1. e4 c6 2. d4 d5 3. e5 Bf5 4. h3 e6 5. Bd3 Bxd3 6. Qxd3 c5 7. dxc5 Qa5+ 8. c3 Qxc5 9. Nd2 Nd7 10. f4 Ne7 11. Nb3 Qc7 12. Nf3 g6 13. Be3 Nf5 14. Bf2 Bh6 15. g4 Ne7 16. g5 Bg7 17. Nbd4 a6 18. b4 O-O 19. Nd2 Rfc8 20. Rc1 Nc6 21. Ke2 a5 22. Nb5 Qb8 23. a3 Bf8 24. Rc2 axb4 25. cxb4 b6 26. Rhc1 Qb7 27. Nf3 Na7 28. Rc7 Qb8 29. Rxc8 Nxc8 30. Rc7 Ra7 31. Rxa7 Nxa7 32. Nxa7 Qxa7 33. Qc3 Qb7 34. Nd4 Nxe5 35. fxe5 Qa6+ 36. Kd2 Bg7 37. Nc6 h6 38. h4 Qf1 39. Be3 Qg2+ 40. Kd3 hxg5 41. hxg5 Qe4+ 42. Kd2 Qg2+ 43. Kc1 Bf8 44. Nd4 Qg3 45. Nc6 Qg2 46. Bxb6 Qxg5+ 47. Kc2 Qg2+ 48. Kb3 g5 49. Bc5 Bg7 50. Be7 g4 51. b5 Qe2 52. a4 Qd1+ 53. Kb4 Bh6 54. Kc5 Qg1+ 55. Kd6 g3 56. Bf6 Bf8+ 57. Ne7+ Bxe7+ 58. Bxe7 g2 59. Qg3+ Kh7 60. Bf6 Qb6+ 61. Ke7 g1=Q 62. Qh4+ Kg6 63. Ke8 Qb8+ 64. Bd8 Kf5 65. Qf6+ Ke4 66. Qh4+ Kd3 67. Qh3+ Qe3 68. Qh7+ Kc3 69. Qg7 Qexe5 70. Qh6 Kd4 71. Qd2+ Ke4 72. Qg2+ Kd3 73. Qf1+ Qe2 74. Qh3+ Qe3 75. Qh7+ Kc3 76. Qxf7 d4 77. Qg7 e5 78. Qf7 d3 79. b6 Qexb6 0-1

[Event "4NCL Online Division 4"]
[Site "online"]
[Date "2021.10.05"]
[EventDate "2021.10.05"]
[Round "4.54"]
[White "Smith, Richard AL"]
[WhiteElo "1698"]
[WhiteTeam "Camborne Pendarves"]
[Black "Gibson, Stephen"]
[BlackElo "1505"]
[BlackTeam "Deaf England 1"]
[Result "1-0"]
[PlyCount "41"]

1. e4 a6 2. d4 b5 3. f4 Bb7 4. Bd3 e6 5. Nf3 c5 6. c3 Nf6 7. Qe2 Be7 8. O-O O-O 9. e5 Nd5 10. Ng5 f5 11. exf6 Nxf6 12. Be3 c4 13. Bc2 Bd5 14. Nd2 Nc6 15. g4 Qc7 16. Nxh7 Nxh7 17. g5 Rf5 18. Bxf5 exf5 19. Qh5 Bf7 20. g6 Nf6 21. gxf7+ 1-0

[Event "4NCL Online Division 4"]
[Site "online"]
[Date "2021.10.05"]
[EventDate "2021.10.05"]
[Round "4.61"]
[White "Wilby, Robert G"]
[WhiteElo "1675"]
[WhiteTeam "Plymouth 2"]
[Black "Clynes, Chris"]
[BlackElo "1444"]
[BlackTeam "Bishop Knights"]
[Result "1/2-1/2"]
[PlyCount "84"]

1. d4 Nf6 2. e3 d5 3. f4 Bf5 4. Nf3 e6 5. a3 c5 6. c3 Be7 7. Be2 Nc6 8. O-O Ne4 9. Nbd2 Qc7 10. Bb5 O-O 11. Ne5 Nxd2 12. Bxd2 Nxe5 13. fxe5 Be4 14. Be2 c4 15. Bf3 Bd3 16. Rf2 Bh4 17. g3 Bd8 18. Bg4 Qb6 19. Bc1 a5 20. Qe1 a4 21. Bd1 Qc6 22. Bc2 Bxc2 23. Rxc2 Qe8 24. Rf2 f5 25. exf6 Bxf6 26. e4 Qg6 27. exd5 exd5 28. Qe6+ Qf7 29. Qxf7+ Rxf7 30. Bd2 Re8 31. Raf1 Ref8 32. h4 Be7 33. Bf4 Bd8 34. Kg2 h6 35. Kh3 g5 36. hxg5 hxg5 37. Be3 Rxf2 38. Rxf2 Rxf2 39. Bxf2 Kg7 40. Kg4 Kg6 41. Be3 Be7 42. Bd2 Bf6 1/2-1/2

[Event "4NCL Online Division 4"]
[Site "online"]
[Date "2021.10.05"]
[EventDate "2021.10.05"]
[Round "4.62"]
[White "Edmundson, Deborah"]
[WhiteElo "1329"]
[WhiteTeam "Bishop Knights"]
[Black "Tatam, Anthony"]
[BlackElo "1572"]
[BlackTeam "Plymouth 2"]
[Result "0-1"]
[PlyCount "100"]

1. c4 e5 2. a3 Nf6 3. Nc3 Nc6 4. Nf3 Be7 5. d4 exd4 6. Nxd4 Nxd4 7. Qxd4 O-O 8. e3 d6 9. Be2 b6 10. Nd5 c5 11. Nxe7+ Qxe7 12. Qf4 Bb7 13. O-O d5 14. b3 dxc4 15. bxc4 h6 16. Qg3 Ne4 17. Qf4 Nc3 18. Bg4 Ne4 19. Bf3 g5 20. Qg4 f5 21. Qh5 Qf6 22. Rb1 Kh7 23. Bb2 Qe6 24. Rfd1 Bc6 25. Be2 Nf6 26. Qh3 Ne4 27. f3 Nd6 28. e4 Rae8 29. e5 Nf7 30. Bd3 Nxe5 31. Re1 Qd7 32. Bxf5+ Qxf5 33. Qg3 Nd3 34. Qc7+ Qd7 35. Rxe8 Rxe8 36. Qg3 Nxb2 37. Rxb2 Qd4+ 38. Kf1 Qxb2 39. Qc7+ Qg7 40. Qxc6 Qe7 41. Kf2 Qe3+ 42. Kg3 Re7 43. Qd5 Qe5+ 44. Qxe5 Rxe5 45. h4 Kg6 46. hxg5 hxg5 47. f4 gxf4+ 48. Kxf4 Re2 49. g4 Ra2 50. Ke5 Rxa3 0-1

[Event "4NCL Online Division 4"]
[Site "online"]
[Date "2021.10.05"]
[EventDate "2021.10.05"]
[Round "4.63"]
[White "Caleshu, Caleb"]
[WhiteElo "1521"]
[WhiteTeam "Plymouth 2"]
[Black "Brown, Fergus"]
[BlackElo "1295"]
[BlackTeam "Bishop Knights"]
[Result "1-0"]
[PlyCount "117"]

1. d4 d5 2. c4 c6 3. Nf3 Bf5 4. g3 e6 5. Bg2 Nf6 6. O-O Be7 7. Bg5 h6 8. Bxf6 Bxf6 9. e3 O-O 10. Qb3 Qb6 11. Rc1 Nd7 12. Nfd2 Qc7 13. Nc3 dxc4 14. Nxc4 b5 15. Nd2 Rab8 16. e4 Bg6 17. d5 Bg5 18. f4 Nc5 19. Qc2 Bf6 20. f5 exf5 21. exf5 Bh7 22. dxc6 a6 23. Nd5 Qd6 24. Nxf6+ gxf6 25. Qxc5 Qxd2 26. c7 Rbc8 27. Bb7 Qd7 28. Bxc8 Rxc8 29. Rd1 Qxc7 30. Qxc7 Rxc7 31. Rac1 Re7 32. Rf1 Re5 33. Rce1 Rxf5 34. Rxf5 Bxf5 35. Re8+ Kg7 36. Ra8 Be6 37. Rxa6 b4 38. Rb6 Bxa2 39. Rxb4 Be6 40. Rb8 f5 41. b4 h5 42. b5 Bd5 43. b6 f6 44. b7 Kg6 45. Rg8+ Kh7 46. b8=Q Bxg8 47. Qc7+ Kh6 48. Qd8 Kg7 49. Qe7+ Bf7 50. Kf2 Kg6 51. Kf3 Bd5+ 52. Kf4 h4 53. Qe8+ Bf7 54. Qb5 hxg3 55. Qxf5+ Kg7 56. Qg4+ Bg6 57. Qxg3 f5 58. h4 Kf6 59. Qg5+ 1-0

[Event "4NCL Online Division 4"]
[Site "online"]
[Date "2021.10.05"]
[EventDate "2021.10.05"]
[Round "4.64"]
[White "Burnett, John"]
[WhiteElo "1181"]
[WhiteTeam "Bishop Knights"]
[Black "Peach, Clifford B"]
[BlackElo "1350"]
[BlackTeam "Plymouth 2"]
[Result "1/2-1/2"]
[PlyCount "79"]

1. c4 Nf6 2. Nc3 d5 3. e3 e6 4. h3 c5 5. d4 cxd4 6. exd4 a6 7. Nf3 dxc4 8. Bxc4 b5 9. Be2 Bb7 10. a3 Be7 11. Bf4 Bd6 12. Be5 O-O 13. Rg1 Qe7 14. Bxd6 Qxd6 15. Qd3 Nbd7 16. O-O-O Rac8 17. Kb1 Rfd8 18. b4 h6 19. Nd2 Nb6 20. Bf3 Bxf3 21. gxf3 Qxd4 22. Qxd4 Rxd4 23. Nce4 Nxe4 24. Nxe4 Rxd1+ 25. Rxd1 Nd5 26. Rc1 Rxc1+ 27. Kxc1 Nc7 28. Nc5 h5 29. Kc2 Kf8 30. Kb3 Ke7 31. a4 Kd6 32. a5 Kd5 33. Kc3 Ke5 34. Nd3+ Kd6 35. Nc5 Ke5 36. Kd3 Kf4 37. Ke2 Ke5 38. Kd3 Kf4 39. Ke2 Ke5 40. Kd3 1/2-1/2

[Event "4NCL Online Division 4"]
[Site "online"]
[Date "2021.10.05"]
[EventDate "2021.10.05"]
[Round "4.71"]
[White "Tang, Julian"]
[WhiteElo "1772"]
[WhiteTeam "Braunstone 1"]
[Black "Buswell, A Mark"]
[BlackElo "1761"]
[BlackTeam "Hertford 2"]
[Result "0-1"]
[PlyCount "120"]

1. e4 e5 2. Nf3 Nc6 3. d4 exd4 4. Bc4 Nf6 5. e5 d5 6. Bb5 Ne4 7. O-O Bd7 8. Bxc6 bxc6 9. Nxd4 Bc5 10. c3 O-O 11. Be3 Qe7 12. Bf4 Bb6 13. Nd2 Nxd2 14. Qxd2 f6 15. Rfe1 fxe5 16. Bxe5 Qf7 17. Bg3 c5 18. Nf3 c6 19. Ng5 Qf5 20. Re5 Qg6 21. Re7 Bd8 22. Rxd7 Bxg5 23. Qd1 Qf5 24. Rb7 Bf4 25. Qf3 Qc8 26. Rxg7+ Kxg7 27. Bxf4 Qf5 28. Qg3+ Qg6 29. Be5+ Kg8 30. Qh3 Rae8 31. f4 Qf5 32. Qg3+ Qg6 33. Qh3 Rf7 34. Rf1 Rb7 35. b3 Rf7 36. g4 Qe4 37. Qg3 d4 38. cxd4 cxd4 39. Re1 Qd5 40. g5 Qe6 41. h4 c5 42. h5 Qf5 43. g6 hxg6 44. hxg6 Rd7 45. g7 Rxe5 46. Rxe5 Qxe5 47. fxe5 Rxg7 48. Qxg7+ Kxg7 49. Kf2 Kg6 50. Kf3 Kf5 51. e6 Kxe6 52. Ke4 Kd6 53. Kd3 Kd5 54. a3 a5 55. a4 Ke5 56. Kc4 Kd6 57. Kd3 Kd5 58. Kd2 Ke4 59. Ke2 d3+ 60. Kd2 Kd4 0-1

[Event "4NCL Online Division 4"]
[Site "online"]
[Date "2021.10.05"]
[EventDate "2021.10.05"]
[Round "4.72"]
[White "Rudd, David R"]
[WhiteElo "1687"]
[WhiteTeam "Hertford 2"]
[Black "Pyun, Lindsay"]
[BlackElo "1753"]
[BlackTeam "Braunstone 1"]
[Result "1/2-1/2"]
[PlyCount "71"]

1. b4 e5 2. Bb2 Bxb4 3. Bxe5 Nf6 4. Nf3 Nc6 5. Bb2 d5 6. e3 O-O 7. c4 Bg4 8. cxd5 Nxd5 9. Be2 Be7 10. O-O Bf6 11. d4 Nce7 12. Qb3 Rb8 13. Nbd2 c6 14. a4 Qb6 15. Qxb6 Nxb6 16. Ne4 Ned5 17. Nxf6+ Nxf6 18. Ba3 Rfe8 19. Bc5 Ra8 20. h3 Be6 21. Bxb6 axb6 22. Rfb1 Nd7 23. Bd3 h6 24. Nd2 Ra5 25. Nc4 Bxc4 26. Bxc4 Rea8 27. Bb3 b5 28. Bc2 b6 29. Be4 Nb8 30. Rb4 Rxa4 31. Raxa4 Rxa4 32. Rb2 Kf8 33. Rc2 Rc4 34. Ra2 Ra4 35. Rc2 Rc4 36. Ra2 1/2-1/2

[Event "4NCL Online Division 4"]
[Site "online"]
[Date "2021.10.05"]
[EventDate "2021.10.05"]
[Round "4.73"]
[White "Mehta, Sophie"]
[WhiteElo "1344"]
[WhiteTeam "Braunstone 1"]
[Black "Wooster, Nick"]
[BlackElo "1643"]
[BlackTeam "Hertford 2"]
[Result "1/2-1/2"]
[PlyCount "57"]

1. d4 d5 2. Bf4 e6 3. e3 Nf6 4. Nf3 Be7 5. c3 O-O 6. Nbd2 c5 7. Bd3 Nbd7 8. O-O h6 9. Rc1 a6 10. c4 dxc4 11. Bxc4 b5 12. Bd3 c4 13. Be4 Nxe4 14. Nxe4 Nb6 15. b3 Ba3 16. Rc2 Bb7 17. Ned2 Rc8 18. bxc4 Nxc4 19. Nxc4 bxc4 20. Ne5 Bd5 21. Qe2 c3 22. Qxa6 Bb2 23. Re1 Ra8 24. Qb5 Bxa2 25. Nd3 Ra5 26. Qb7 Bd5 27. Qc7 Qa8 28. f3 Rc8 29. Qb6 1/2-1/2

[Event "4NCL Online Division 4"]
[Site "online"]
[Date "2021.10.05"]
[EventDate "2021.10.05"]
[Round "4.74"]
[White "Marshall, Duncan"]
[WhiteElo "1652"]
[WhiteTeam "Hertford 2"]
[Black "Mehta, Hatle"]
[BlackElo "1193"]
[BlackTeam "Braunstone 1"]
[Result "1/2-1/2"]
[PlyCount "94"]

1. d4 Nf6 2. e3 g6 3. Bd3 Bg7 4. f4 d6 5. Nf3 O-O 6. O-O Bg4 7. Nbd2 Nbd7 8. c3 Re8 9. Qc2 c5 10. Qb3 b6 11. Ng5 e6 12. Nde4 Nxe4 13. Nxe4 d5 14. Nf2 c4 15. Bxc4 dxc4 16. Qxc4 Bf5 17. e4 Rc8 18. Qe2 Nf6 19. exf5 exf5 20. Qf3 Ne4 21. Re1 Nxf2 22. Qxf2 Rxe1+ 23. Qxe1 Bh6 24. Bd2 Qc7 25. Qh4 Bg7 26. Re1 Qc4 27. a3 Qb3 28. Bc1 a5 29. Qf2 b5 30. Qe2 b4 31. axb4 axb4 32. Qb5 Bf8 33. Qb7 Rc4 34. Qb8 Qa4 35. Qe8 Qxe8 36. Rxe8 bxc3 37. bxc3 Rxc3 38. Bd2 Rb3 39. g3 Kg7 40. Re3 Rb1+ 41. Re1 Rxe1+ 42. Bxe1 Kf6 43. Kf2 Ke6 44. Ke3 Kd5 45. Kd3 Bg7 46. Bf2 Bf6 47. Be3 Bg7 1/2-1/2